Acceptability of smokefikies / (Record no. 3709)
[ view plain ]
| 000 -LEADER | |
|---|---|
| fixed length control field | 01249nam a22003257a 4500 |
| 003 - CONTROL NUMBER IDENTIFIER | |
| control field | OSt |
| 005 - DATE AND TIME OF LATEST TRANSACTION | |
| control field | 20250127020957.0 |
| 008 - FIXED-LENGTH DATA ELEMENTS--GENERAL INFORMATION | |
| fixed length control field | 241209b ||||| |||| 00| 0 eng d |
| 040 ## - CATALOGING SOURCE | |
| Language of cataloging | English. |
| Transcribing agency | CvSU-CCAT Campus Library. |
| Description conventions | rda. |
| 050 ## - LIBRARY OF CONGRESS CALL NUMBER | |
| Classification number | UM TX 609 |
| Item number | C38 2017 |
| 100 ## - MAIN ENTRY--PERSONAL NAME | |
| Personal name | Catubig, Ramie P., author. |
| 9 (RLIN) | 13759 |
| 245 ## - TITLE STATEMENT | |
| Title | Acceptability of smokefikies / |
| Statement of responsibility, etc. | Ramie P. Catubig, Anne Krisner A. Aspa, Sandra B. Vergara. |
| 260 ## - PUBLICATION, DISTRIBUTION, ETC. | |
| Place of publication, distribution, etc. | Rosario, Cavite : |
| Name of publisher, distributor, etc. | Cavite State University-CCAT Campus, |
| Date of publication, distribution, etc. | 2017. |
| 300 ## - PHYSICAL DESCRIPTION | |
| Extent | xiii, 64 leaves : |
| Other physical details | illustrations ; |
| Dimensions | 28 cm |
| 500 ## - GENERAL NOTE | |
| General note | Undergraduate Feasibility Study (BSHRM)--Cavite State University-CCAT Campus, 2017. |
| 504 ## - BIBLIOGRAPHY, ETC. NOTE | |
| Bibliography, etc. note | Includes bibliographical references and appendices. |
| 520 ## - SUMMARY, ETC. | |
| Thesis Abstract | <a href="Thesis Abstract: ">Thesis Abstract: </a> |
| 546 ## - LANGUAGE NOTE | |
| Language note | In English text. |
| 650 ## - SUBJECT ADDED ENTRY--TOPICAL TERM | |
| Topical term or geographic name entry element | Acceptability. |
| 9 (RLIN) | 10377 |
| 650 ## - SUBJECT ADDED ENTRY--TOPICAL TERM | |
| Topical term or geographic name entry element | Smoked fish products. |
| 9 (RLIN) | 13760 |
| 650 ## - SUBJECT ADDED ENTRY--TOPICAL TERM | |
| Topical term or geographic name entry element | Product analysis. |
| 9 (RLIN) | 13761 |
| 650 ## - SUBJECT ADDED ENTRY--TOPICAL TERM | |
| Topical term or geographic name entry element | Smoke fish. |
| 9 (RLIN) | 13762 |
| 650 ## - SUBJECT ADDED ENTRY--TOPICAL TERM | |
| Topical term or geographic name entry element | Smoke meat. |
| 9 (RLIN) | 13763 |
| 650 ## - SUBJECT ADDED ENTRY--TOPICAL TERM | |
| Topical term or geographic name entry element | Smoking (Cooking). |
| 9 (RLIN) | 10654 |
| 650 ## - SUBJECT ADDED ENTRY--TOPICAL TERM | |
| Topical term or geographic name entry element | Product evaluation. |
| 9 (RLIN) | 13764 |
| 700 ## - ADDED ENTRY--PERSONAL NAME | |
| Personal name | Aspa, Anne Krisner A., author. |
| 9 (RLIN) | 13765 |
| 700 ## - ADDED ENTRY--PERSONAL NAME | |
| Personal name | Vergara, Sandra B., author. |
| 9 (RLIN) | 13766 |
| 942 ## - ADDED ENTRY ELEMENTS (KOHA) | |
| Source of classification or shelving scheme | Library of Congress Classification |
| Koha item type | Thesis/Manuscripts/Dissertations |
| Classification part | TX 609 C38 2017 |
| Call number prefix | UM |
| Withdrawn status | Lost status | Source of classification or shelving scheme | Damaged status | Not for loan | Collection code | Home library | Current library | Shelving location | Date acquired | Coded location qualifier | Total Checkouts | Full call number | Barcode | Date last seen | Copy number | Price effective from | Koha item type |
|---|---|---|---|---|---|---|---|---|---|---|---|---|---|---|---|---|---|
| Library of Congress Classification | Thesis/Manuscript/Dissertation | Cavite State University - CCAT Campus | Cavite State University - CCAT Campus | TH | 10/17/2018 | UM | UMTX 609 C38 2017 | T0004192 | 10/24/2025 | 1 | 12/09/2024 | Thesis/Manuscripts/Dissertations |
